[Event "MEX ol U12"]
[Site "Guanajuato"]
[Date "2002.07.16"]
[Round "5"]
[White "Zamudio Hermida, Jose Luis"]
[Black "Conde Sosa, Javier"]
[Result "1-0"]
[WhiteElo "1297"]
[BlackElo "1427"]
[PlyCount "129"]
[EventDate "2002.07.13"]
[EventType "swiss"]
[EventRounds "6"]
[EventCountry "MEX"]
[SourceTitle "EXT 2003"]
[Source "ChessBase"]
[SourceDate "2002.11.25"]
[SourceVersion "1"]
[SourceVersionDate "2002.11.25"]
[SourceQuality "1"]

1. e4 c5 2. Nf3 g6 3. d4 cxd4 4. Nxd4 Bg7 5. Bc4 Nc6 6. Be3 Nf6 7. Nc3 0-0 8. 0-0 Qc7 9. Bb3 d6 10. h3 a6 11. Re1 Bd7 12. Qf3 Ne5 13. Qe2 b5 14. Nd5 Nxd5 15. Bxd5 Rac8 16. Rad1 Nc6 17. Nxc6 Bxc6 18. c3 Bxd5 19. exd5 Qc4 20. Qxc4 Rxc4 21. Bc1 Rc7 22. Re2 Rfc8 23. Rde1 Bf6 24. Bf4 a5 25. a3 Kf8 26. Bh6+ Ke8 27. Bf4 Kd7 28. g3 b4 29. axb4 axb4 30. cxb4 Rc2 31. Rxc2 Rxc2 32. b3 Rb2 33. Re3 Bd4 34. Rf3 Kc7 35. Kg2 Kd7 36. Be3 Bxe3 37. Rxe3 Ra2 38. g4 Ra7 39. Rf3 f6 40. Rf4 Rb7 41. Kf3 Rc7 42. Ke2 Rc2+ 43. Kd3 Rc7 44. Rc4 Rb7 45. Kc3 Ra7 46. b5 Ra1 47. b6 Ra6 48. b7 Rb6 49. Rb4 Rxb4 50. Kxb4 Kc7 51. Kb5 Kxb7 52. b4 g5 53. Ka5 Ka7 54. b5 Kb7 55. b6 Kb8 56. Ka6 Ka8 57. b7+ Kb8 58. Kb6 f5 59. gxf5 h5 60. Kc6 g4 61. hxg4 e5 62. f6 hxg4 63. f7 g3 64. f8Q+ Ka7 65. Qa8# 1-0

[Event "MEX ol U12"]
[Site "Guanajuato"]
[Date "2002.07.15"]
[Round "4"]
[White "Aguirre Manzo, Leopoldo Antonio"]
[Black "Zamudio Hermida, Jose Luis"]
[Result "0-1"]
[WhiteElo "1442"]
[BlackElo "1297"]
[PlyCount "96"]
[EventDate "2002.07.13"]
[EventType "swiss"]
[EventRounds "6"]
[EventCountry "MEX"]
[SourceTitle "EXT 2003"]
[Source "ChessBase"]
[SourceDate "2002.11.25"]
[SourceVersion "1"]
[SourceVersionDate "2002.11.25"]
[SourceQuality "1"]

1. e4 e6 2. d4 d5 3. Nd2 c5 4. c3 Nc6 5. Ngf3 Qb6 6. exd5 exd5 7. Nb3 c4 8. Nbd2 Nf6 9. Be2 Bd6 10. b3 cxb3 11. Nxb3 0-0 12. 0-0 Bg4 13. h3 Bh5 14. Be3 Rac8 15. Rb1 Qd8 16. Bg5 Bb8 17. Nbd2 Qd6 18. Bxf6 Qxf6 19. Rxb7 Qd6 20. g3 Qe6 21. Kg2 Rfe8 22. Re1 Bxf3+ 23. Nxf3 Qd6 24. Bd3 Bc7 25. Rb1 Qa3 26. Qc2 Ne7 27. Bb5 Red8 28. Qe2 Bd6 29. Rb3 Qa5 30. Qc2 Rc7 31. Ng5 g6 32. h4 Rdc8 33. Rc1 Nf5 34. Qd2 Kg7 35. Nf3 f6 36. Bd3 Nh6 37. Rc2 Qa4 38. Ng1 Qd7 39. f3 Nf5 40. Ne2 Re8 41. Bxf5 Qxf5 42. g4 Qc8 43. Nf4 Rce7 44. Kh3 Re3 45. Nxd5 Rxf3+ 46. Kg2 Qxg4+ 47. Kh1 Rh3+ 48. Qh2 Re1# 0-1